| 000 | 00665cam a2200253 4500 | ||
|---|---|---|---|
| 001 | L155560 | ||
| 008 | 000000n1998 000 0 eng u | ||
| 020 | _a0900417358 | ||
| 022 | _a0142713X | ||
| 035 | _a(Sirsi) u155560 | ||
| 041 | _aeng | ||
| 050 | _a692.5 | ||
| 245 | _aGriffiths complete building price book 1998 | ||
| 250 | _a44th ed. | ||
| 260 |
_aBournemouth _bGlenigan Cost Information Services _c1998 |
||
| 300 | _a768p | ||
| 350 | _a85 | ||
| 650 | _aBUILT ENVIRONMENT-BUILDING COSTS | ||
| 650 | _aESTIMATING | ||
| 650 | _aBUILDING PRICE BOOKS | ||
| 651 | 4 | _aENGLAND AND WALES | |
| 690 | _aBUILT ENVIRONMENT-BUILDING COSTS | ||
| 942 | _n0 | ||
| 999 |
_c113660 _d113660 |
||